000 00378 a2200157 4500
001 73374
020 _a
040 _cAnchieta - Colégio São Paulo
100 _aRibeiro, Marcus Venicio
240 1 0 _aHistória da Sociedade Brasileira
_lpor
245 1 0 _aHistória da Sociedade Brasileira
300 _a466
362 0 _a1994
650 4 _aHistória do mundo
942 _cBK
999 _c73374
_d73374